| 000 | 00749cam a22002291 4500 | ||
|---|---|---|---|
| 001 | sa 67007729 | ||
| 003 | DLC | ||
| 005 | 20260227112418.0 | ||
| 008 | 870413s1965 ii 000 0bhin | ||
| 010 | _asa 67007729 | ||
| 035 | _a(OCoLC)15525790 | ||
| 040 |
_aDLC _cNRU _dNRU _dDLC |
||
| 042 | _apremarc | ||
| 050 | 0 | 0 |
_aDS479.1.L27 _bV3 |
| 100 | 1 | _aVarmā, Mukuṭabihārī. | |
| 245 | 1 | 0 |
_aPañjābakesarī Lālā Lājapatarāya; _beka mahāna deśa-bhakta kī preraṇādāyaka jīvanī. _c[Lekhaka] Mukuṭabihārī Varmā. |
| 260 |
_aNaī Dillī, _bSastā Sahitya Maṇḍala, _c1965. |
||
| 300 |
_a80 p. _c19 cm. |
||
| 500 | _aAt head of title: Satsāhitya Prakāśana. | ||
| 500 | _aIn Hindi. | ||
| 600 | 0 | 0 |
_aLajpat Rai, _cLala, _d1865-1928. |
| 999 |
_c76754 _d76754 |
||